000 00662nam a22001937a 4500
005 20241009134600.0
008 241008b |||||||| |||| 00| 0 eng d
020 _a9789719818694
082 _aDFil 959.9 As93 2022
100 _aAsuncion, Nestor M.
_939910
245 _aReadings in Philippine history /
_cNestor M. Asuncion and Geoffrey Rhoel C. Cruz.
250 _aSecond edition.
260 _aQuezon City :
_bC&E Publishing, Inc.,
_c©2022.
300 _avii, 245 pages :
_billustrations ;
_c21 cm.
500 _aIncludes references.
650 0 _aPhilippines
_vHistory.
_962586
700 _aCruz, Geoffrey Rhoel C.
_eauthor.
_939912
942 _2ddc
_cDFIL
999 _c22346
_d22346